Culture générale - Quiz #48 - Statistiques

Statistiques générales
  • Ce quiz a été pris 73 497 fois
  • Le résultat moyen est 9 sur 20
Statistiques - réponses
Question Réponse % Correct
Qu'est-ce qui a généralement 3 feuilles, mais dans environ un cas sur 5000, en a 4 ou plus? Trèfle
95%
Quel nageur Français a gagné 5 médailles dont 4 en or aux Jeux olympiques de 2024 ? Léon Marchand
87%
À quel pays sont rattachées les îles de Corfou et Ithaque ? La Grèce
72%
Quel mot emprunté à l'arabe désigne un médecin en langage argotique ? Toubib
65%
Complétez les paroles : "Égaré dans la vallée infernale, le héros s'appelle ___ ______ ". Bob Morane
63%
Quel animal jaune avec des tâches noires vit en Palombie ? Le marsupilami
63%
Quel nom les anglophones donnent-ils à la ville de Pékin ? Beijing
61%
Quels sont les 5 premiers chiffres de pi ? 3,1415
58%
Quel jeu vidéo fut conçu par l'ingénieur soviétique Alekseï Pajitnov en 1985 ? Tetris
47%
Quelle est la deuxième commune la plus peuplée de la région Auvergne-Rhône-Alpes ? Saint-Étienne
39%
En Hawaïen, que veut dire "mahalo" ? Merci
38%
Quel chanteur signa les titres "Starman" ou "Space Oddity" ? David Bowie
37%
Quelle est la seule méthode de régulation des naissances autorisée par l'Église catholique ? L'abstinence sexuelle
32%
Quel homophone de "quoi" est utilisé dans des locutions pour signifier "muet", "silencieux" ? Coi
31%
Quelle est la capitale du Bangladesh ? Dacca
31%
Quelle plante est l'aliment préféré des Schtroumpfs ? La s{alsepareille}
25%
Qui a écrit "Les Raisins de la colère" et "Des souris et des hommes" ? John Steinbeck
20%
Quel célèbre scientifique britannique a exploré les côtes sud-américaines à bord du HMS Beagle ? Charles Darwin
17%
Quel est le premier pays producteur de noisettes ? Turquie
11%
Sur quel fleuve est située la ville de Varsovie ? La Vistule
7%
Aucun quiz correspondant
Distribution des résultats
% des personnes avec chaque résultat
Percentile par nombre de réponses
Votre historique - résultats
Vous n’avez pas pris ce quiz